[Event "Gibraltar Chess Festival 2017 - Masters"]
[Site "Gibraltar ENG"]
[Date "2017.01.27"]
[Round "4.104"]
[White "Bellon Lopez, Juan Manuel"]
[Black "Day, Christopher"]
[Result "1-0"]
[WhiteElo "2339"]
[BlackElo "1760"]
[PlyCount "127"]
[EventDate "2017.01.24"]
[EventType "swiss"]
[EventRounds "10"]
[EventCountry "ENG"]
[SourceTitle "Ajedrez en Madrid"]
[Source "lmi"]
[SourceDate "2017.01.24"]

1. d4 d5 2. Bf4 Nf6 3. e3 c5 4. c3 Nc6 5. Nf3 Qb6 6. b3 Bf5 7. Be2 h6 8. O-O e6
9. Nbd2 Be7 10. dxc5 Bxc5 11. Nd4 Nxd4 12. exd4 Be7 13. b4 Ne4 14. Nxe4 Bxe4
15. Qa4+ Kf8 16. Rac1 Bg5 17. Be3 Ke7 18. b5 Rhc8 19. Qb4+ Qd6 20. Qb2 Bf4 21.
Bxf4 Qxf4 22. g3 Qd6 23. f3 Bf5 24. a4 Kf8 25. Rfe1 Rc7 26. Bf1 Rac8 27. Re3
Kg8 28. Ra1 Re7 29. Qa3 Qxa3 30. Rxa3 Bc2 31. a5 Kf8 32. Kf2 Ke8 33. b6 a6 34.
Ke1 Kd7 35. Kd2 Bf5 36. g4 Bg6 37. Ra4 Kd6 38. f4 Ree8 39. Bg2 Re7 40. f5 Bh7
41. Re5 f6 42. Rxe6+ Rxe6 43. fxe6 Bg8 44. c4 Bxe6 45. c5+ Kc6 46. Ra1 Bf7 47.
Bf3 Kd7 48. Re1 Rc6 49. h4 Re6 50. Rxe6 Bxe6 51. h5 Kc6 52. Be2 f5 53. gxf5
Bxf5 54. Ke3 g5 55. hxg6 Bxg6 56. Kf4 Bf7 57. Ke5 h5 58. Kf6 Be8 59. Kg5 Bf7
60. Kf6 Be8 61. Ke7 Bg6 62. Bf3 Bf5 63. Bxh5 Kb5 64. c6 1-0

[Event "Gibraltar Chess Festival 2017 - Masters"]
[Site "Gibraltar ENG"]
[Date "2017.01.27"]
[Round "4.105"]
[White "Burke, Mitchell R"]
[Black "Byron, Alan M"]
[Result "1/2-1/2"]
[WhiteElo "1975"]
[BlackElo "2110"]
[PlyCount "68"]
[EventDate "2017.01.24"]
[EventType "swiss"]
[EventRounds "10"]
[EventCountry "ENG"]
[SourceTitle "Ajedrez en Madrid"]
[Source "lmi"]
[SourceDate "2017.01.24"]

1. e4 c6 2. d4 d5 3. exd5 cxd5 4. c4 Nf6 5. Nc3 e6 6. Nf3 Bb4 7. cxd5 Nxd5 8.
Qc2 Nc6 9. Bd3 h6 10. O-O Be7 11. Be4 Ncb4 12. Qa4+ Qd7 13. Qb3 O-O 14. Ne5 Qd8
15. Rd1 Nf6 16. Bf3 Nbd5 17. Bd2 Kh8 18. Rac1 Nxc3 19. bxc3 Qb6 20. Qc2 Qc7 21.
Rb1 Bd6 22. Re1 Rb8 23. h3 Bxe5 24. dxe5 Nd7 25. Qe4 f5 26. exf6 Rxf6 27. Be3
e5 28. Be2 b6 29. Bd3 Nf8 30. Rbc1 Bb7 31. Qg4 Rd8 32. Be4 Bc8 33. Qh4 Ng6 34.
Qh5 Nf4 1/2-1/2

[Event "Gibraltar Chess Festival 2017 - Masters"]
[Site "Gibraltar ENG"]
[Date "2017.01.27"]
[Round "4.106"]
[White "Cramling Bellon, Anna"]
[Black "Kandic, Milan"]
[Result "0-1"]
[WhiteElo "1954"]
[BlackElo "2061"]
[PlyCount "72"]
[EventDate "2017.01.24"]
[EventType "swiss"]
[EventRounds "10"]
[EventCountry "ENG"]
[SourceTitle "Ajedrez en Madrid"]
[Source "lmi"]
[SourceDate "2017.01.24"]

1. d4 g6 2. Nf3 Bg7 3. h3 c5 4. c3 cxd4 5. cxd4 Nc6 6. d5 Ne5 7. e4 Nxf3+ 8.
Qxf3 d6 9. Bb5+ Bd7 10. Bxd7+ Qxd7 11. Nc3 Nf6 12. O-O O-O 13. Bd2 Rfc8 14.
Rac1 Rc7 15. Qd3 Rac8 16. b3 a6 17. a4 Nh5 18. Na2 Bb2 19. Rb1 Rc2 20. Rfd1 Be5
21. Nb4 R2c5 22. Rdc1 Qd8 23. Na2 Bf4 24. g3 Rxc1+ 25. Rxc1 Rxc1+ 26. Nxc1 Bxd2
27. Qxd2 Nf6 28. Qd3 Qc8 29. Ne2 Qxh3 30. Nf4 Qc8 31. Kg2 Qc1 32. Qf3 Qc2 33.
e5 dxe5 34. Ne2 e4 35. Qe3 Ng4 36. Qc3 Qxe2 0-1

[Event "Gibraltar Chess Festival 2017 - Masters"]
[Site "Gibraltar ENG"]
[Date "2017.01.27"]
[Round "4.107"]
[White "Miracola, Giorgia"]
[Black "Feldbacher, Harald"]
[Result "1/2-1/2"]
[WhiteElo "1924"]
[BlackElo "2050"]
[PlyCount "45"]
[EventDate "2017.01.24"]
[EventType "swiss"]
[EventRounds "10"]
[EventCountry "ENG"]
[SourceTitle "Ajedrez en Madrid"]
[Source "lmi"]
[SourceDate "2017.01.24"]

1. e4 c5 2. Nf3 Nc6 3. d4 cxd4 4. Nxd4 Nf6 5. Nc3 e5 6. Ndb5 d6 7. Bg5 a6 8.
Na3 b5 9. Nd5 Be7 10. Bxf6 Bxf6 11. c3 O-O 12. Nc2 Bg5 13. Bd3 Be6 14. Nce3 Rb8
15. O-O a5 16. a3 g6 17. Qe2 Bxe3 18. Nxe3 b4 19. axb4 axb4 20. Ra6 Rb6 21.
Raa1 Qc7 22. Ra6 Qd8 23. Raa1 1/2-1/2

[Event "Gibraltar Chess Festival 2017 - Masters"]
[Site "Gibraltar ENG"]
[Date "2017.01.27"]
[Round "4.108"]
[White "Slinger, Tony J"]
[Black "Hamer, Martyn"]
[Result "0-1"]
[WhiteElo "1911"]
[BlackElo "2039"]
[PlyCount "82"]
[EventDate "2017.01.24"]
[EventType "swiss"]
[EventRounds "10"]
[EventCountry "ENG"]
[SourceTitle "Ajedrez en Madrid"]
[Source "lmi"]
[SourceDate "2017.01.24"]

1. c4 Nf6 2. Nc3 g6 3. e4 d6 4. d4 Bg7 5. f3 O-O 6. Be3 Nc6 7. Qd2 a6 8. Nge2
Rb8 9. g4 b5 10. Nc1 e5 11. Nb3 exd4 12. Nxd4 Ne5 13. Qg2 c5 14. Nf5 Bxf5 15.
gxf5 bxc4 16. Rd1 Qb6 17. Bc1 Rfe8 18. Be2 Nd3+ 19. Bxd3 cxd3 20. Rxd3 c4 21.
Rd1 d5 22. fxg6 hxg6 23. Nxd5 Nxd5 24. Rxd5 Bxb2 25. Bxb2 Qxb2 26. Qxb2 Rxb2
27. Rd2 Reb8 28. Ke2 c3 29. Rxb2 cxb2 30. Rb1 Kg7 31. Kd2 Kf6 32. Ke3 Kg5 33.
f4+ Kg4 34. h3+ Kxh3 35. f5 gxf5 36. exf5 f6 37. Ke4 Kg2 38. Kd5 Kf3 39. a4 Kf4
40. Kd4 Kxf5 41. Kc3 Ke4 0-1

[Event "Gibraltar Chess Festival 2017 - Masters"]
[Site "Gibraltar ENG"]
[Date "2017.01.27"]
[Round "4.109"]
[White "Skou, Niels"]
[Black "Christophe-Hayot, Romain"]
[Result "0-1"]
[WhiteElo "2025"]
[BlackElo "1784"]
[PlyCount "101"]
[EventDate "2017.01.24"]
[EventType "swiss"]
[EventRounds "10"]
[EventCountry "ENG"]
[SourceTitle "Ajedrez en Madrid"]
[Source "lmi"]
[SourceDate "2017.01.24"]

1. Nf3 d5 2. d4 Nf6 3. c4 dxc4 4. Qa4+ c6 5. Qxc4 Bf5 6. Nc3 h6 7. g3 Nbd7 8.
Bg2 e6 9. O-O Be7 10. Re1 O-O 11. e4 Bh7 12. b4 Rc8 13. Bb2 Qb6 14. a3 a5 15.
bxa5 Qxa5 16. Nd2 e5 17. Nb3 Qa7 18. a4 exd4 19. Qxd4 Qxd4 20. Nxd4 Ne5 21. Nf5
Bc5 22. Ba3 Bxa3 23. Rxa3 Bxf5 24. exf5 Rfe8 25. Rb1 Nc4 26. Ra2 Na5 27. Rc2
Re5 28. Re2 Rc5 29. Ne4 Nxe4 30. Rxe4 Rd8 31. g4 Rc2 32. h4 Rdd2 33. f6 gxf6
34. Rf4 Kg7 35. Rf5 Nc4 36. Rf4 Nd6 37. Rb3 Rc5 38. Rbf3 Ne8 39. Rb4 Nd6 40.
Rbf4 f5 41. gxf5 Kf6 42. Kh2 Rdd5 43. Bh3 Rc1 44. Kg3 h5 45. Kh2 c5 46. Bg2
Rdd1 47. Rb3 c4 48. Rb6 Ke5 49. Rf3 c3 50. Re3+ Kxf5 51. Bf3 0-1

[Event "Gibraltar Chess Festival 2017 - Masters"]
[Site "Gibraltar ENG"]
[Date "2017.01.27"]
[Round "4.110"]
[White "Gluckman, Paul"]
[Black "Noordhoek, Henk"]
[Result "1-0"]
[WhiteElo "1831"]
[BlackElo "2004"]
[PlyCount "84"]
[EventDate "2017.01.24"]
[EventType "swiss"]
[EventRounds "10"]
[EventCountry "ENG"]
[SourceTitle "Ajedrez en Madrid"]
[Source "lmi"]
[SourceDate "2017.01.24"]

1. e4 Nf6 2. e5 Nd5 3. d4 d6 4. c4 Nb6 5. exd6 exd6 6. Nc3 Nc6 7. Be3 Be7 8.
Nf3 O-O 9. d5 Ne5 10. Nxe5 dxe5 11. Bd3 f5 12. f3 Bh4+ 13. g3 Bg5 14. Bxg5 Qxg5
15. Qd2 Qxd2+ 16. Kxd2 Bd7 17. Rae1 Rae8 18. b4 Na4 19. Nxa4 Bxa4 20. Re2 f4
21. g4 Kf7 22. b5 c6 23. Rb1 a6 24. bxc6 bxc6 25. Rb4 cxd5 26. Rxa4 e4 27. fxe4
f3 28. Re3 dxe4 29. Bxe4 f2 30. Bg2 Kg6 31. Rxa6+ Kg5 32. Bf1 Rb8 33. Kc2 Rf4
34. Ra5+ Kh6 35. Re6+ g6 36. Rh5+ Kg7 37. Re7+ Kg8 38. Rhxh7 Rxg4 39. Reg7+ Kf8
40. Rh8+ Kxg7 41. Rxb8 Re4 42. Rb1 Re1 1-0

[Event "Gibraltar Chess Festival 2017 - Masters"]
[Site "Gibraltar ENG"]
[Date "2017.01.27"]
[Round "4.111"]
[White "Byrn, Carsten"]
[Black "Chilton, James I"]
[Result "1-0"]
[WhiteElo "2003"]
[BlackElo "1756"]
[PlyCount "111"]
[EventDate "2017.01.24"]
[EventType "swiss"]
[EventRounds "10"]
[EventCountry "ENG"]
[SourceTitle "Ajedrez en Madrid"]
[Source "lmi"]
[SourceDate "2017.01.24"]

1. c4 e5 2. Nc3 Nf6 3. g3 Bc5 4. Bg2 O-O 5. a3 a5 6. Rb1 Nc6 7. e3 Re8 8. Nge2
d6 9. O-O Bf5 10. d3 Qd7 11. Re1 Rad8 12. Nd5 Nxd5 13. cxd5 Ne7 14. b4 axb4 15.
axb4 Bb6 16. Qb3 Ng6 17. e4 Bh3 18. Nc3 h5 19. Be3 Bxe3 20. Rxe3 h4 21. Qd1
hxg3 22. hxg3 Kf8 23. Qh5 Bxg2 24. Kxg2 Ra8 25. Rf3 Kg8 26. Rh1 Nf4+ 27. Rxf4
Kf8 28. Rf3 f6 29. Qg6 Qf7 30. Qf5 c6 31. dxc6 bxc6 32. b5 Ra3 33. bxc6 g6 34.
Rh8+ Kg7 35. Qd7 Qxd7 36. Rh7+ Kxh7 37. cxd7 Rd8 38. Nd5 Ra7 39. Nxf6+ Kh6 40.
g4 Raxd7 41. Nxd7 Rxd7 42. Kg3 g5 43. Rf5 Kg6 44. Kf3 Rg7 45. Ke3 Kh7 46. d4
exd4+ 47. Kxd4 Rg6 48. Kd5 Kg7 49. f3 Kh6 50. Kc6 Kg7 51. Kd7 Kg8 52. Ke7 Kh7
53. Rf6 d5 54. Rxg6 dxe4 55. Rxg5 e3 56. Re5 1-0

[Event "Gibraltar Chess Festival 2017 - Masters"]
[Site "Gibraltar ENG"]
[Date "2017.01.27"]
[Round "4.112"]
[White "Ford, Clifton P"]
[Black "Broekman, Willem"]
[Result "0-1"]
[WhiteElo "1781"]
[BlackElo "1997"]
[PlyCount "104"]
[EventDate "2017.01.24"]
[EventType "swiss"]
[EventRounds "10"]
[EventCountry "ENG"]
[SourceTitle "Ajedrez en Madrid"]
[Source "lmi"]
[SourceDate "2017.01.24"]

1. d4 e6 2. c4 f5 3. Nf3 Nf6 4. g3 d5 5. Bg2 c6 6. O-O Bd6 7. b3 Qe7 8. Bb2 O-O
9. Nc3 Bd7 10. Qc2 Be8 11. cxd5 exd5 12. Qxf5 Ne4 13. Qh3 Nxc3 14. Bxc3 Bd7 15.
Qh4 Qxe2 16. Ne5 Bxe5 17. dxe5 Qg4 18. Qxg4 Bxg4 19. Rfe1 Re8 20. h3 Be6 21.
Rad1 Nd7 22. f4 Rad8 23. g4 g6 24. Rf1 Rf8 25. Rf2 Rf7 26. Rdf1 Rdf8 27. Bd2
Kg7 28. Bc3 b6 29. a4 Nc5 30. Bb4 Kg8 31. Kh2 Nd3 32. Bxf8 Nxf2 33. Rxf2 Kxf8
34. Kg3 c5 35. Bf1 c4 36. bxc4 dxc4 37. Rc2 Rc7 38. f5 gxf5 39. gxf5 Rg7+ 40.
Kf4 Bxf5 41. Kxf5 Rf7+ 42. Ke6 Rxf1 43. Rxc4 Rh1 44. Rc7 Rxh3 45. Rc8+ Kg7 46.
Ke7 Rh4 47. e6 Rxa4 48. Rc3 Rg4 49. Rd3 h5 50. Kd7 Re4 51. e7 Kg6 52. Rd6+ Kf7
0-1

[Event "Gibraltar Chess Festival 2017 - Masters"]
[Site "Gibraltar ENG"]
[Date "2017.01.27"]
[Round "4.113"]
[White "Kozarcanin, Sead"]
[Black "Bullock, Lee"]
[Result "1-0"]
[WhiteElo "2069"]
[BlackElo "1563"]
[PlyCount "69"]
[EventDate "2017.01.24"]
[EventType "swiss"]
[EventRounds "10"]
[EventCountry "ENG"]
[SourceTitle "Ajedrez en Madrid"]
[Source "lmi"]
[SourceDate "2017.01.24"]

1. Nf3 Nf6 2. d3 e6 3. e4 Bc5 4. d4 Bb4+ 5. c3 Be7 6. Bd3 d6 7. O-O h6 8. Na3
Nbd7 9. Re1 e5 10. Nc2 c6 11. h3 Qc7 12. Ne3 g6 13. b3 Nf8 14. Ba3 Ne6 15. Nc4
Nd7 16. Bc2 b5 17. Ne3 exd4 18. cxd4 c5 19. Nd5 Qa5 20. Bb2 Rg8 21. e5 Qa6 22.
Nxe7 Kxe7 23. d5 Ng7 24. Qd2 g5 25. Nxg5 dxe5 26. Bxe5 Nxe5 27. Rxe5+ Kd7 28.
Nxf7 Qf6 29. Qxh6 Qxf7 30. Qc6+ Kd8 31. Qxa8 Rf8 32. Re2 Qf6 33. Rae1 Rh8 34.
d6 Qg5 35. Qc6 1-0

[Event "Gibraltar Chess Festival 2017 - Masters"]
[Site "Gibraltar ENG"]
[Date "2017.01.27"]
[Round "4.114"]
[White "Fomani, Medhi"]
[Black "Winter, Kevin"]
[Result "1-0"]
[WhiteElo "2042"]
[BlackElo "1818"]
[PlyCount "49"]
[EventDate "2017.01.24"]
[EventType "swiss"]
[EventRounds "10"]
[EventCountry "ENG"]
[SourceTitle "Ajedrez en Madrid"]
[Source "lmi"]
[SourceDate "2017.01.24"]

1. d4 Nf6 2. Bg5 d5 3. Bxf6 exf6 4. e3 Bd6 5. c4 dxc4 6. Bxc4 O-O 7. Nc3 c6 8.
Nge2 f5 9. O-O Qh4 10. Ng3 Bxg3 11. hxg3 Qd8 12. Qf3 b5 13. Bxb5 Qb6 14. Bd3 g6
15. b3 Bb7 16. Na4 c5 17. Nxb6 Bxf3 18. Nxa8 Bxa8 19. dxc5 Nd7 20. b4 Ne5 21.
Be2 g5 22. Rfd1 g4 23. Rd6 Rb8 24. Rad1 Nc6 25. b5 1-0

[Event "Gibraltar Chess Festival 2017 - Masters"]
[Site "Gibraltar ENG"]
[Date "2017.01.27"]
[Round "4.115"]
[White "Murray, J Stephen"]
[Black "Boerkamp, Harry"]
[Result "0-1"]
[WhiteElo "1789"]
[BlackElo "1955"]
[PlyCount "84"]
[EventDate "2017.01.24"]
[EventType "swiss"]
[EventRounds "10"]
[EventCountry "ENG"]
[SourceTitle "Ajedrez en Madrid"]
[Source "lmi"]
[SourceDate "2017.01.24"]

1. e4 e5 2. Nf3 Nc6 3. Bc4 Nf6 4. d3 Bc5 5. c3 O-O 6. O-O d6 7. Nbd2 Bb6 8. Bb3
Bg4 9. h3 Bh5 10. Re1 Re8 11. Nf1 h6 12. Ng3 Bg6 13. Nh4 Nxe4 14. Nxg6 Bxf2+
15. Kf1 Bxg3 16. Rxe4 Qf6+ 17. Kg1 Bf2+ 18. Kh1 Qxg6 19. Qf3 Qf6 20. Qxf6 gxf6
21. Bxh6 f5 22. Re2 Bg3 23. Bd2 Kg7 24. Rf1 f4 25. Be1 Bxe1 26. Rfxe1 Ne7 27.
d4 Nf5 28. dxe5 Ng3+ 29. Kh2 Nxe2 30. Rxe2 dxe5 31. Kg1 f5 32. Bc2 Kf6 33. Kf2
Rad8 34. Kf3 Rg8 35. Rf2 Rg7 36. Ke2 e4 37. Kf1 Ke5 38. Ke1 Rg3 39. Re2 Rdg8
40. Bb3 R8g7 41. Kf1 f3 42. gxf3 Rxf3+ 0-1

[Event "Gibraltar Chess Festival 2017 - Masters"]
[Site "Gibraltar ENG"]
[Date "2017.01.27"]
[Round "4.116"]
[White "Robles, Bryan"]
[Black "Van Kemenade, Rudy"]
[Result "1/2-1/2"]
[WhiteElo "1711"]
[BlackElo "1955"]
[PlyCount "78"]
[EventDate "2017.01.24"]
[EventType "swiss"]
[EventRounds "10"]
[EventCountry "ENG"]
[SourceTitle "Ajedrez en Madrid"]
[Source "lmi"]
[SourceDate "2017.01.24"]

1. d4 Nf6 2. c4 g6 3. Nc3 Bg7 4. e4 d6 5. f3 Nc6 6. Be3 a6 7. Qd2 e5 8. d5 Nd4
9. Nge2 c5 10. dxc6 bxc6 11. Nxd4 exd4 12. Bxd4 O-O 13. Be2 Re8 14. O-O d5 15.
exd5 cxd5 16. cxd5 Nxd5 17. Bxg7 Nxc3 18. Bxc3 Qxd2 19. Bxd2 Rxe2 20. Bc3 Bb7
21. Rfe1 Rae8 22. Rxe2 Rxe2 23. Re1 Rxe1+ 24. Bxe1 Bd5 25. a3 Kf8 26. Kf2 Ke7
27. Ke3 h5 28. Kd4 Kd6 29. Ke3 Ke5 30. Bg3+ Ke6 31. Bb8 Bb3 32. Bc7 Kd7 33. Ba5
Kc6 34. g4 Kb5 35. Bc3 a5 36. gxh5 gxh5 37. Kf4 Bd1 38. Kg3 a4 39. f4 Kc5
1/2-1/2

[Event "Gibraltar Chess Festival 2017 - Masters"]
[Site "Gibraltar ENG"]
[Date "2017.01.27"]
[Round "4.117"]
[White "Obiamiwe, Paul"]
[Black "Neumanova, Monika"]
[Result "1-0"]
[WhiteElo "1926"]
[BlackElo "1707"]
[PlyCount "77"]
[EventDate "2017.01.24"]
[EventType "swiss"]
[EventRounds "10"]
[EventCountry "ENG"]
[SourceTitle "Ajedrez en Madrid"]
[Source "lmi"]
[SourceDate "2017.01.24"]

1. Nf3 e6 2. c4 Nf6 3. g3 Be7 4. Bg2 O-O 5. O-O d5 6. d4 c6 7. Qc2 Nbd7 8. b3
b6 9. Nbd2 Bb7 10. e4 Rc8 11. e5 Ne8 12. Bb2 c5 13. Qd3 cxd4 14. Bxd4 Bc5 15.
Bb2 Ba8 16. Rad1 Nc7 17. Qe2 Re8 18. Ne1 dxc4 19. Nxc4 Nd5 20. Qh5 Rc7 21. Nf3
Nf8 22. Ng5 h6 23. Ne4 Ng6 24. Ned6 Ree7 25. Qg4 Red7 26. Be4 Nf8 27. h4 Ne7
28. Bxa8 Qxa8 29. Ne4 Rxd1 30. Rxd1 Qc6 31. Ncd6 Nc8 32. Nf6+ Kh8 33. Nfe8 g6
34. Qf4 Nh7 35. Nxc7 Qxc7 36. Nxf7+ Kg7 37. Nxh6 Ne7 38. Ng4 Nf5 39. Nf6 1-0

[Event "Gibraltar Chess Festival 2017 - Masters"]
[Site "Gibraltar ENG"]
[Date "2017.01.27"]
[Round "4.118"]
[White "Robson, Paul E"]
[Black "Kuenitz, Klaus"]
[Result "1/2-1/2"]
[WhiteElo "1897"]
[BlackElo "1690"]
[PlyCount "130"]
[EventDate "2017.01.24"]
[EventType "swiss"]
[EventRounds "10"]
[EventCountry "ENG"]
[SourceTitle "Ajedrez en Madrid"]
[Source "lmi"]
[SourceDate "2017.01.24"]

1. e4 e6 2. Qe2 Be7 3. f4 c5 4. Nf3 Nc6 5. d3 d6 6. g3 e5 7. c3 Nf6 8. Bg2 Qb6
9. Nbd2 O-O 10. Nc4 Qc7 11. Ne3 b6 12. f5 Ba6 13. g4 Rad8 14. g5 Nh5 15. Nd5
Qd7 16. f6 gxf6 17. Nxe5 Nxe5 18. Qxh5 Nxd3+ 19. Kd2 fxg5 20. Bh3 f5 21. Bxf5
Rxf5 22. exf5 Nf4 23. Nxf4 gxf4 24. Rg1+ Kh8 25. Qf7 Bh4 26. Qxd7 Rxd7 27. Rg4
Bf6 28. Kc2 f3 29. Be3 Be2 30. Rag1 Rd8 31. Bf2 Re8 32. Re1 d5 33. Kd2 Bg7 34.
Rh4 Rf8 35. Rh5 c4 36. Rxe2 fxe2 37. Kxe2 Re8+ 38. Kf3 Bf6 39. Be3 Re4 40. Rh3
Kg7 41. Rg3+ Kf7 42. Rg4 Re5 43. Kf4 Re7 44. Kf3 b5 45. Rg3 Rd7 46. Rh3 Ke8 47.
Rh6 Rf7 48. Kf4 Kf8 49. Bc5+ Kg7 50. Rh3 h6 51. Rg3+ Kh7 52. Rg6 Be7 53. Bxe7
Rxe7 54. Re6 Rg7 55. Ke5 Rg2 56. Re7+ Kg8 57. Kf6 Rxh2 58. Re8+ Kh7 59. Re7+
Kg8 60. Rxa7 Rxb2 61. Ra8+ Kh7 62. Ra7+ Kg8 63. Ra8+ Kh7 64. Ra7+ Kg8 65. Ra8+
Kh7 1/2-1/2

[Event "Gibraltar Chess Festival 2017 - Masters"]
[Site "Gibraltar ENG"]
[Date "2017.01.27"]
[Round "4.119"]
[White "Ramirez Leyva, Freddy"]
[Black "Beadle, John R"]
[Result "1/2-1/2"]
[WhiteElo "1862"]
[BlackElo "1544"]
[PlyCount "70"]
[EventDate "2017.01.24"]
[EventType "swiss"]
[EventRounds "10"]
[EventCountry "ENG"]
[SourceTitle "Ajedrez en Madrid"]
[Source "lmi"]
[SourceDate "2017.01.24"]

1. Nf3 d5 2. d4 f5 3. g3 Nf6 4. Bg2 e6 5. O-O Bd6 6. c4 c6 7. b3 Qe7 8. Bb2 O-O
9. Nc3 Nbd7 10. Nd2 Ne4 11. e3 Ndf6 12. f3 Nxc3 13. Bxc3 Bd7 14. Kh1 Be8 15. e4
fxe4 16. fxe4 Bh5 17. Qe1 Bb4 18. Rc1 Rae8 19. e5 Bxc3 20. exf6 Qb4 21. f7+
Bxf7 22. a3 Bxd2 23. axb4 Bxe1 24. Rfxe1 Bg6 25. Kg1 Bf5 26. Re5 Bd3 27. Rc3
Bf5 28. Rce3 dxc4 29. bxc4 Rd8 30. d5 cxd5 31. cxd5 exd5 32. Bxd5+ Kh8 33. Bxb7
Rd1+ 34. Re1 Rxe1+ 35. Rxe1 g6 1/2-1/2

[Event "Gibraltar Chess Festival 2017 - Masters"]
[Site "Gibraltar ENG"]
[Date "2017.01.27"]
[Round "4.120"]
[White "Lapusan, Razvan"]
[Black "Koes, Richard"]
[Result "1-0"]
[WhiteElo "1525"]
[BlackElo "1830"]
[PlyCount "75"]
[EventDate "2017.01.24"]
[EventType "swiss"]
[EventRounds "10"]
[EventCountry "ENG"]
[SourceTitle "Ajedrez en Madrid"]
[Source "lmi"]
[SourceDate "2017.01.24"]

1. e4 e5 2. Nf3 Nc6 3. Bb5 Nf6 4. Bxc6 dxc6 5. d3 Bc5 6. h3 h6 7. O-O Qd6 8. a3
Be6 9. Nc3 b5 10. Nh4 O-O 11. Qe2 Qe7 12. Nf3 Nd7 13. Be3 Bb6 14. Bxb6 cxb6 15.
Qe3 f5 16. exf5 Bxf5 17. Rae1 Rae8 18. Ne4 Kh7 19. Ng3 Bg6 20. Re2 Qf6 21. Rfe1
e4 22. dxe4 Qxb2 23. c4 Qf6 24. cxb5 c5 25. e5 Qf4 26. Qc3 Re7 27. Nf1 Bh5 28.
N1d2 Kh8 29. Re4 Qf7 30. e6 Qf6 31. Qe3 Nb8 32. Rh4 Be8 33. a4 a6 34. g3 axb5
35. Rf4 Qxf4 36. gxf4 bxa4 37. Rb1 b5 38. Qxc5 1-0

[Event "Gibraltar Chess Festival 2017 - Masters"]
[Site "Gibraltar ENG"]
[Date "2017.01.27"]
[Round "4.121"]
[White "Lochte, Szilvia"]
[Black "Tveten, Per"]
[Result "1-0"]
[WhiteElo "1829"]
[BlackElo "1486"]
[PlyCount "85"]
[EventDate "2017.01.24"]
[EventType "swiss"]
[EventRounds "10"]
[EventCountry "ENG"]
[SourceTitle "Ajedrez en Madrid"]
[Source "lmi"]
[SourceDate "2017.01.24"]

1. d4 d5 2. Bf4 Bf5 3. e3 e6 4. Bd3 Bxd3 5. Qxd3 Nf6 6. Nf3 Bd6 7. Bg3 O-O 8.
Nbd2 h6 9. O-O Nbd7 10. c4 Bxg3 11. hxg3 c5 12. cxd5 exd5 13. b3 Qe7 14. Rac1
b6 15. Qf5 Qe6 16. Qd3 Ne4 17. Rc2 a6 18. Rfc1 Rfc8 19. Qe2 b5 20. dxc5 Rxc5
21. Nd4 Qg6 22. Nxe4 Rxc2 23. Qxc2 dxe4 24. Qc7 Nf8 25. Qb7 Rd8 26. Nc6 Rd7 27.
Qxd7 Nxd7 28. Ne7+ Kh7 29. Nxg6 fxg6 30. Rc7 Nf6 31. Ra7 Nd5 32. Rxa6 Nb4 33.
Ra5 g5 34. a4 bxa4 35. Rxa4 Nd5 36. Rxe4 Nf6 37. Rd4 Kg6 38. b4 Kf7 39. b5 Ke7
40. b6 Nd7 41. b7 Nb8 42. Rc4 Kd7 43. Rc8 1-0

[Event "Gibraltar Chess Festival 2017 - Masters"]
[Site "Gibraltar ENG"]
[Date "2017.01.28"]
[Round "5.2"]
[White "Howell, David W L"]
[Black "Vachier-Lagrave, Maxime"]
[Result "1/2-1/2"]
[WhiteElo "2655"]
[BlackElo "2796"]
[PlyCount "73"]
[EventDate "2017.01.24"]
[EventType "swiss"]
[EventRounds "10"]
[EventCountry "ENG"]
[SourceTitle "Ajedrez en Madrid"]
[Source "lmi"]
[SourceDate "2017.01.24"]

1. Nf3 c5 2. c4 Nc6 3. d4 cxd4 4. Nxd4 Nf6 5. Nc3 e6 6. Bf4 d5 7. e3 Bb4 8. Be2
dxc4 9. Nxc6 Qxd1+ 10. Rxd1 bxc6 11. Bxc4 Nd5 12. Bg3 Nxc3 13. bxc3 Bxc3+ 14.
Ke2 a5 15. Rd3 Bf6 16. Rb1 e5 17. e4 O-O 18. Rd6 Be7 19. Rd3 Re8 20. Bxe5 Bf6
21. Bxf6 Rxe4+ 22. Re3 Bg4+ 23. Kd3 Rxe3+ 24. Kxe3 gxf6 25. Rb6 Re8+ 26. Kd2
Bd7 27. g3 Re5 28. Ra6 Rc5 29. Kd3 Be6 30. Bxe6 fxe6 31. Ra7 h5 32. h4 f5 33.
a4 e5 34. Ke3 Rd5 35. Ra6 Rc5 36. Ra7 Rd5 37. Ra6 1/2-1/2

[Event "Gibraltar Chess Festival 2017 - Masters"]
[Site "Gibraltar ENG"]
[Date "2017.01.28"]
[Round "5.5"]
[White "Anton Guijarro, David"]
[Black "Gelfand, Boris"]
[Result "1-0"]
[WhiteElo "2650"]
[BlackElo "2721"]
[PlyCount "143"]
[EventDate "2017.01.24"]
[EventType "swiss"]
[EventRounds "10"]
[EventCountry "ENG"]
[SourceTitle "Ajedrez en Madrid"]
[Source "lmi"]
[SourceDate "2017.01.24"]

1. Nf3 c5 2. c4 Nf6 3. Nc3 d5 4. cxd5 Nxd5 5. e3 Nxc3 6. bxc3 g6 7. Bb5+ Bd7 8.
Rb1 Bg7 9. O-O O-O 10. d4 Qc7 11. Bxd7 Nxd7 12. e4 Rfd8 13. Qe2 Rac8 14. Bg5
Nb6 15. Rfc1 h6 16. Be3 Qd7 17. d5 f5 18. exf5 Qxf5 19. c4 e6 20. dxe6 Qxe6 21.
Kf1 Rf8 22. Rb5 Rf5 23. h3 Qc6 24. Qd3 Nd7 25. Rd1 Nf8 26. Rb3 b6 27. Ra3 Rc7
28. Qc2 Rcf7 29. Rad3 Kh7 30. Rd6 Qb7 31. Nh4 R5f6 32. R6d5 Rd7 33. Nf3 Rxd5
34. Rxd5 Rf7 35. Ne5 Bxe5 36. Rxe5 Qd7 37. Ke2 Ne6 38. Qe4 Nd4+ 39. Bxd4 cxd4
40. Qd5 d3+ 41. Kxd3 Qc7 42. Ke2 Rf4 43. Re8 Qxc4+ 44. Qxc4 Rxc4 45. Re7+ Kg8
46. Rxa7 Rc2+ 47. Ke3 b5 48. a3 Rb2 49. g3 b4 50. a4 b3 51. Kd3 Rxf2 52. Kc3
Rf3+ 53. Kb2 Rxg3 54. Rb7 Rg2+ 55. Kxb3 Rg1 56. Kb2 Rg2+ 57. Ka3 Rg1 58. Rb2
Kf7 59. a5 Re1 60. a6 Re6 61. Rb7+ Kf6 62. a7 Ra6+ 63. Kb4 Ra1 64. Rc7 h5 65.
Kb5 Rb1+ 66. Kc6 Ra1 67. Kb7 Rb1+ 68. Kc8 Ra1 69. Kb8 Kg5 70. Rc4 Rb1+ 71. Kc7
Ra1 72. Kb6 1-0

[Event "Gibraltar Chess Festival 2017 - Masters"]
[Site "Gibraltar ENG"]
[Date "2017.01.28"]
[Round "5.6"]
[White "Zvjaginsev, Vadim"]
[Black "Sethuraman, S.P."]
[Result "1/2-1/2"]
[WhiteElo "2679"]
[BlackElo "2637"]
[PlyCount "61"]
[EventDate "2017.01.24"]
[EventType "swiss"]
[EventRounds "10"]
[EventCountry "ENG"]
[SourceTitle "Ajedrez en Madrid"]
[Source "lmi"]
[SourceDate "2017.01.24"]

1. e4 e5 2. Bc4 Nf6 3. d3 Nc6 4. Nc3 Bb4 5. Nf3 d5 6. exd5 Nxd5 7. Bd2 Bxc3 8.
bxc3 Bg4 9. h3 Bh5 10. O-O O-O 11. g4 Bg6 12. Re1 Re8 13. a4 h6 14. a5 e4 15.
dxe4 Bxe4 16. a6 bxa6 17. Bg5 Nf6 18. Qxd8 Raxd8 19. Bxf6 gxf6 20. Nd4 Nxd4 21.
cxd4 Rxd4 22. Bxa6 Re5 23. c3 Rd8 24. f4 Re6 25. Bf1 Ra8 26. Bc4 Ree8 27. Ra6
Kg7 28. Rea1 f5 29. Rxa7 fxg4 30. hxg4 Rxa7 31. Rxa7 1/2-1/2